Choroby cywilizacyjne XXI wieku - Statystyki

Ogólne statystyki
  • Ten quiz został rozwiązany 42 razy
  • Średni wynik to 11 z 41
Statystyki odpowiedzi
Rodzaj choroby Liczba chorych % Odpowiedź % Poprawnych
Umysłowa 3 Depresja
79%
Metaboliczna 10 Cukrzyca typu drugiego
76%
Metaboliczna 24 Otyłość
74%
Układu krążenia 40 Choroba nadciśnieniowa
66%
Choroby związane z paleniem papierosów, zanieczyszczeniem powietrza itd. ~ 0 Rak płuc
63%
Choroby związane z paleniem papierosów, zanieczyszczeniem powietrza itd. 11 Astma oskrzelowa
58%
Nowotworowe ~ 0 Rak jelita grubego
55%
Układu krążenia 0,2 Zawał mięśnia sercowego
47%
Nowotworowe 0,05 Rak sutka
45%
Umysłowa 1,6 Demencja
39%
Nowotworowe ~ 0 Rak żołądka
37%
Układu krążenia 1,9 Miażdżyca
34%
Nowotworowe 1,8 Rak macicy
34%
Nowotworowe ~ 0 Rak prostaty
34%
Umysłowa 1,5 Anoreksja
32%
Metaboliczna 56 Nadwaga
32%
Choroby związane z paleniem papierosów, zanieczyszczeniem powietrza itd. ~ 0 Nowotwory głowy i szyi
32%
Nowotworowe ~ 0 Rak trzustki
32%
Układu krążenia 0,2 Udar mózgu
32%
Choroby związane z paleniem papierosów, zanieczyszczeniem powietrza itd. 5,5 Przewlekła obturacyjna choroba płuc
29%
Choroby związane z paleniem papierosów, zanieczyszczeniem powietrza itd. 26 Alergie
26%
Choroby związane z paleniem papierosów, zanieczyszczeniem powietrza itd. ~ 0 Rak przełyku
26%
Umysłowa 16 Zaburzenia lękowe
24%
Umysłowa 1,9 Alkoholizm
18%
Układu pokarmowego 11 Choroba wrzodowa żołądka i dwunastnicy
18%
Układu pokarmowego 2 Choroba refluksowa przełyku
16%
Układu krążenia 5 Choroba niedokrwienna serca
13%
Metaboliczna 8 Insulinooporność
11%
Układu immunologicznego 4 Nadwrażliwość pokarmowa
11%
Umysłowa 0,16 Narkomania
11%
Przewlekła 6 Osteoporoza
11%
Układu pokarmowego 13 Kamica nerkowa
8%
Układu pokarmowego 0,3 Nieswoiste stany zapalne jelit
8%
Układu pokarmowego 13 Przewlekłe zaparcia
5%
Układu krążenia 3 Tętniaki
5%
Układu pokarmowego 0,07 Choroby trzustki
3%
Układu pokarmowego 16 Kamica żółciowa
3%
Przewlekła 90 Próchnica zębów
3%
Układu pokarmowego ~ 0 Stany zapalne pęcherzyka żółciowego
0%
Układu pokarmowego 2,5 Uchyłkowatość jelit
0%
Układu krążenia 4 Zwężenie tętnic
0%
Nie znaleziono quizów pasujących do podanych kryteriów
Rozkład punktacji
Procent ludzi z każdym wynikiem
Percentyl według liczby udzielonych odpowiedzi
Twoja historia wyników
Nie rozwiązałeś tego quizu